000 00871cam a22002414a 4500
001 13362871
003 OSt
005 20130622104618.0
008 031001s2003 ag b 000 0 spa
010 _a 2003507613
040 _aDLC
_cBMC
082 0 0 _a918
082 0 0 _a982.024
100 _9617
_aAguirre, Juan Francisco
_d1758-1811
245 1 0 _aDiscurso histórico
_b: que comprende el descubrimiento, conquista y establecimiento de los españoles en las provincias de la Nueva Vizcaya, generalmente conocidas por el nombre de Rio de la Plata
_cJuan Francisco Aguirre
250 _a1ª ed
260 _aBuenos Aires
_bEspasa-Calpe, Argentina
_c1947
300 _a213 p.
_c18 cm
490 1 _aAustral
_v709
651 _91554
_aRío de la Plata (Región)
_xDescurimientos y exploraciones
651 _91555
_aRío de la Plata (Región)
_xHistoria
942 _2ddc
_cBK
999 _c536
_d536